01846nam a2200277 a 4500001001000000005001700010008004100027041000800068044000700076084002200083100008700105245013100192260001900323300003500342500004700377500050300424500015700927500004701084500002901131500007801160506009301238546005501331600009701386610004201483651004301525BRCA_497620190320204902.0271010s1710----mx-######v---#000-0#spa-# aspa amx aDOC63b.F45c17101 aFernández de la Cueva Henríquez, Francisco,cDuque de Alburquerque,d1666-172410aDocumento firmado por el Virrey Francisco Fernández de la Cueva HenríquezcFrancisco Fernández de la Cueva Henríquez. aMéxicoc1710 a[4] fojas sueltasc30 x 21 cm. aDocumento firmado el 22 de agosto de 1710. aDocumento en el cual Don Francisco Fernández de la Cueva Henríquez, Duque de Albuquerque, en obedecimiento de las Reales Cédulas dadas en Madrid el 27 de mayo y 19 de noviembre de 1709 y con voto consultivo del Real Acuerdo mandada a los Jueces Oficiales de la Real Hacienda y Casa de la Ciudad de México, se recaude el alimento de los años que se expresan , en las personas que gozan sueldos y encomiendas exceptuando a los militares y se remitan a esta Real Caja a razón de un 10%. aContiene dos sellos con el escudo de la casa de Borbòn y el lema: ´SELLO QUARTO. UN QUARTILLO. ANOS DE MIL SETECIENTOS Y DOS Y SETECIENTOS Y TRES´. aEl documento contiene la leyenda DOC. #63. aPapel con marca de agua. aEstado de conservación: se encuentran parcialmente separadas las fojas.0 aFondo Reservado. Para su consulta es necesario credencial de usuario y carta de motivos. aTexto en : español de principios del siglo XVIII14aFernández de la Cueva Henríquez, Francisco,cDuque de Alburquerque,d1666-1724xHistoria24aDocumentos legalesvImpresoxHistoria 4aMéxicovHistoriayColonia, 1521-1821